00297nam a22000977a 4500008004100000050002800041100001900069245004000088260004500128300002600173170121b xxu||||| |||| 00| 0 eng d aNC1429 b.A254 1964 aAddams,Charles aThe groaning board/cCharles Addams aNew York : bSimon and Schuster, cc1964 a88p. :bill. ;c29cm.